[Event "Olomouc Chess Summer 2016- A Valoz Cup"]
[Site "Olomouc"]
[Date "2016.08.14"]
[Round "2.1"]
[White "Gurevich, Daniel"]
[Black "Neuman, Petr"]
[Result "1/2-1/2"]
[WhiteElo "2461"]
[BlackElo "2454"]
[PlyCount "92"]
[EventDate "2016.08.13"]

1. e4 c6 2. Nc3 d5 3. Nf3 Nf6 4. e5 Ne4 5. Ne2 Qb6 6. d4 e6 7. Nfg1 f6 8. f3
Ng5 9. exf6 gxf6 10. f4 Nf7 11. Nf3 c5 12. f5 cxd4 13. fxe6 Bxe6 14. Nexd4 Bg4
15. h3 Bxf3 16. Nxf3 Nc6 17. Qxd5 Bb4+ 18. Bd2 Bxd2+ 19. Nxd2 Qe3+ 20. Be2 Nd4
21. Qe4+ Qxe4 22. Nxe4 Nxc2+ 23. Kf2 Nxa1 24. Nxf6+ Ke7 25. Nd5+ Kd6 26. Rd1
Rad8 27. Ne3+ Kc7 28. Rxa1 Rhe8 29. Rc1+ Kb8 30. Rc2 Ng5 31. Bf3 Rd3 32. Ng4
Red8 33. Ke2 Nxf3 34. gxf3 R3d5 35. Ke3 Rd3+ 36. Ke2 R3d5 37. Ke3 Rh5 38. Rh2
Rf8 39. f4 Kc7 40. Ke4 Kd6 41. Ne3 Re8+ 42. Kf3 Ke6 43. h4 Ra5 44. b3 Rc8 45.
Rd2 Rc7 46. f5+ Rxf5+ 1/2-1/2

[Event "Olomouc Chess Summer 2016- A Valoz Cup"]
[Site "Olomouc"]
[Date "2016.08.14"]
[Round "2.2"]
[White "Plischki, Sebastian"]
[Black "Roy, Prantik"]
[Result "1-0"]
[WhiteElo "2384"]
[BlackElo "2403"]
[PlyCount "115"]
[EventDate "2016.08.13"]

1. d4 Nf6 2. c4 e6 3. Nc3 Bb4 4. e3 b6 5. Nge2 Ba6 6. a3 Bxc3+ 7. Nxc3 O-O 8.
e4 d6 9. Be2 Bb7 10. f3 Nbd7 11. O-O e5 12. d5 Ne8 13. b4 g6 14. Be3 f5 15. Rc1
f4 16. Bf2 Qf6 17. c5 bxc5 18. bxc5 Nxc5 19. Bxc5 dxc5 20. Na4 Rd8 21. Nxc5 Bc8
22. Qa4 g5 23. Ba6 Bxa6 24. Qxa6 Rd6 25. Qc8 Ng7 26. Qxc7 Rf7 27. Qb8+ Rd8 28.
Qb2 g4 29. fxg4 h5 30. Nd3 Re8 31. Qe2 Qg5 32. h3 Rf6 33. Rc6 Rxc6 34. dxc6 Qf6
35. Rc1 Rc8 36. gxh5 Rxc6 37. Rxc6 Qxc6 38. Qg4 Kh7 39. Qg6+ Qxg6 40. hxg6+
Kxg6 41. Nxe5+ Kf6 42. Nd3 Ne6 43. Kf2 Kg5 44. g3 fxg3+ 45. Kxg3 Nd4 46. h4+
Kf6 47. Kg4 a5 48. a4 Nc2 49. e5+ Ke6 50. h5 Nd4 51. h6 Kf7 52. Nf4 Nc6 53. Kf5
Ne7+ 54. Ke4 Kg8 55. e6 Kh7 56. Nd5 Nc8 57. Ke5 Kxh6 58. e7 1-0

[Event "Olomouc Chess Summer 2016- A Valoz Cup"]
[Site "Olomouc"]
[Date "2016.08.14"]
[Round "2.3"]
[White "Rasik, Vitezslav"]
[Black "Plat, Vojtech"]
[Result "0-1"]
[WhiteElo "2452"]
[BlackElo "2503"]
[PlyCount "54"]
[EventDate "2016.08.13"]

1. e4 c5 2. Nf3 e6 3. d3 Nc6 4. g3 d5 5. Nbd2 Nf6 6. Bg2 Be7 7. O-O Qc7 8. Re1
dxe4 9. dxe4 e5 10. c3 h6 11. Nh4 g6 12. Nc4 Bg4 13. Bf3 Rd8 14. Qe2 Qd7 15.
Bxg4 Nxg4 16. Ng2 Nf6 17. a4 Kf8 18. f3 Kg7 19. Be3 Qe6 20. Bf2 h5 21. Rad1 Nh7
22. Rxd8 Rxd8 23. Nge3 h4 24. g4 Ng5 25. Nd5 Rxd5 26. exd5 Qxd5 27. Nd2 Qxd2
0-1

[Event "Olomouc Chess Summer 2016- A Valoz Cup"]
[Site "Olomouc"]
[Date "2016.08.14"]
[Round "2.4"]
[White "Svoboda, Svatopluk"]
[Black "Gavrilov, Alexei"]
[Result "0-1"]
[WhiteElo "2453"]
[BlackElo "2456"]
[PlyCount "58"]
[EventDate "2016.08.13"]

1. e4 c6 2. d4 d5 3. Nd2 dxe4 4. Nxe4 Bf5 5. Ng3 Bg6 6. h4 h6 7. Nf3 Nd7 8. h5
Bh7 9. Bd3 Bxd3 10. Qxd3 e6 11. Bd2 Ngf6 12. O-O-O Be7 13. Kb1 Qb6 14. c4 Rd8
15. Qc2 O-O 16. Bf4 Rfe8 17. Nf1 c5 18. d5 Bd6 19. Bc1 Ne5 20. Nxe5 Bxe5 21. g4
exd5 22. g5 Ne4 23. Ka1 dxc4 24. Rxd8 Qxd8 25. gxh6 Qd3 26. Qa4 Rd8 27. hxg7 c3
28. h6 cxb2+ 29. Bxb2 Qd1+ 0-1

[Event "Olomouc Chess Summer 2016- A Valoz Cup"]
[Site "Olomouc"]
[Date "2016.08.14"]
[Round "2.5"]
[White "Yagupov, Igor"]
[Black "Camarena Gimenez, Rufino"]
[Result "1/2-1/2"]
[WhiteElo "2405"]
[BlackElo "2403"]
[PlyCount "40"]
[EventDate "2016.08.13"]

1. e4 e6 2. d4 d5 3. Nc3 Nf6 4. e5 Nfd7 5. f4 c5 6. Nf3 Nc6 7. Be3 Be7 8. Qd2
b6 9. Nd1 cxd4 10. Nxd4 Nxd4 11. Bxd4 O-O 12. Nf2 Nb8 13. c3 Nc6 14. Bd3 Bd7
15. O-O b5 16. Bxb5 Nxd4 17. Bxd7 Nf5 18. Ba4 Bc5 19. Qe2 a5 20. Qh5 Rb8
1/2-1/2

[Event "Olomouc Chess Summer 2016-B1 Prima Pack "]
[Site "Olomouc"]
[Date "2016.08.14"]
[Round "2.1"]
[White "Pogan, Nikolas"]
[Black "Wiley, Tom E"]
[Result "1/2-1/2"]
[WhiteElo "2232"]
[BlackElo "2239"]
[PlyCount "107"]
[EventDate "2016.08.13"]

1. c4 Nf6 2. Nf3 e6 3. g3 d5 4. d4 dxc4 5. Bg2 Nc6 6. Qa4 Bb4+ 7. Bd2 Nd5 8.
Bxb4 Ndxb4 9. O-O Rb8 10. Ne5 b5 11. Nxc6 bxa4 12. Nxd8 Kxd8 13. Na3 Bb7 14.
Rfc1 Bxg2 15. Kxg2 Nd5 16. Nxc4 f6 17. Rc2 Kd7 18. a3 Rb5 19. e4 Ne7 20. Ne3
Rhb8 21. Rac1 R8b7 22. Nd1 Nc8 23. Rc4 Nd6 24. Rxa4 Nxe4 25. Rc2 Rb3 26. Rac4
Nd6 27. R4c3 Rxc3 28. Nxc3 Nf5 29. Ne4 Rb6 30. Rd2 Kc6 31. Nc3 Ne7 32. Rc2 Kd7
33. Ne4 Nf5 34. Rd2 Rb5 35. Nc3 Rb8 36. Kf3 Nd6 37. Na4 Nc4 38. Rc2 Nb6 39.
Nc5+ Kd6 40. Na6 Rc8 41. Ke4 Nd5 42. f4 f5+ 43. Kd3 h6 44. Nb4 Nxb4+ 45. axb4
Rb8 46. Kc4 a6 47. Rc3 Rb6 48. Ra3 Rc6+ 49. Kd3 Rb6 50. Ra4 Ke7 51. Kc4 Rc6+
52. Kd3 Rb6 53. Kc4 Rc6+ 54. Kd3 1/2-1/2

[Event "Olomouc Chess Summer 2016-B1 Prima Pack "]
[Site "Olomouc"]
[Date "2016.08.14"]
[Round "2.2"]
[White "Bures, Jaroslav"]
[Black "Mirzoeva, Elmira"]
[Result "1-0"]
[WhiteElo "2376"]
[BlackElo "2278"]
[PlyCount "56"]
[EventDate "2016.08.13"]

1. d4 d5 2. c4 c6 3. Nf3 Nf6 4. Nc3 dxc4 5. a4 Bf5 6. e3 e6 7. Bxc4 Bb4 8. O-O
Nbd7 9. Qe2 Bg6 10. Bd2 O-O 11. Ne4 Bxd2 12. Nexd2 a5 13. Ra3 Qc7 14. h3 Rad8
15. Ba2 e5 16. Nh4 exd4 17. Nxg6 hxg6 18. exd4 Nb6 19. Nf3 Rfe8 20. Re3 Nbd5
21. Re5 Qb6 22. Re1 Rf8 23. Qd2 Qb4 24. Qc2 Rd6 25. g3 Rfd8 26. h4 Nd7 27. Re8+
Rxe8 28. Rxe8+ Nf8 {necitelne} 1-0

[Event "Olomouc Chess Summer 2016-B1 Prima Pack "]
[Site "Olomouc"]
[Date "2016.08.14"]
[Round "2.3"]
[White "Kulkarni, Bhakti"]
[Black "Cerveny, Martin"]
[Result "1/2-1/2"]
[WhiteElo "2363"]
[BlackElo "2380"]
[PlyCount "71"]
[EventDate "2016.08.13"]

1. d4 d6 2. c4 e5 3. Nc3 f5 4. e4 Nf6 5. dxe5 dxe5 6. Qxd8+ Kxd8 7. Nf3 Bb4 8.
Bd2 fxe4 9. Nxe4 Bxd2+ 10. Nfxd2 Bf5 11. O-O-O Kc8 12. Bd3 Nxe4 13. Bxe4 Rf8
14. f3 Nd7 15. Bxf5 Rxf5 16. Ne4 Nf6 17. Rhe1 b6 18. c5 Kb7 19. Rd3 Re8 20.
cxb6 axb6 21. Nxf6 gxf6 22. Rd7 Rh5 23. h3 Re6 24. Re2 Rc6+ 25. Rc2 Rg5 26. g4
h5 27. Rf7 Rg6 28. Rxc6 Kxc6 29. Kd2 hxg4 30. hxg4 e4 31. fxe4 Kd6 32. Ke3 Rxg4
33. Rxf6+ Ke5 34. Rf5+ Ke6 35. b3 Rg1 36. Rf2 1/2-1/2

[Event "Olomouc Chess Summer 2016-B1 Prima Pack "]
[Site "Olomouc"]
[Date "2016.08.14"]
[Round "2.4"]
[White "Strebkovs, Andrejs"]
[Black "Gusain, Himal"]
[Result "1/2-1/2"]
[WhiteElo "2285"]
[BlackElo "2453"]
[PlyCount "90"]
[EventDate "2016.08.13"]

1. e4 e5 2. Nf3 Nc6 3. Nc3 Nf6 4. d4 exd4 5. Nxd4 Bb4 6. Nxc6 bxc6 7. Bd3 d5 8.
exd5 cxd5 9. O-O O-O 10. Bg5 c6 11. Qf3 h6 12. Bxf6 Qxf6 13. Qxf6 gxf6 14. Ne2
Re8 15. Nd4 Bb7 16. Nf5 Bf8 17. Rfe1 c5 18. c3 Re6 19. Re3 Rxe3 20. Nxe3 Bc6
21. Rd1 Rb8 22. b3 a5 23. Bc2 Rb6 24. Nxd5 Bxd5 25. Rxd5 Rd6 26. c4 Rxd5 27.
cxd5 Bd6 28. Kf1 Kf8 29. Ke2 Ke7 30. h3 Be5 31. Kd3 Kd6 32. Kc4 Bd4 33. f3 h5
34. Bh7 h4 35. Bg8 Bf2 36. Bxf7 Bg3 37. Kb5 Be1 38. Be6 Bd2 39. Kb6 Be1 40. Kb7
Bg3 41. Kc8 Ke7 42. Bf5 Kd6 43. Be6 Ke7 44. Kb7 Kd6 45. Kb6 Be1 1/2-1/2

[Event "Olomouc Chess Summer 2016-B1 Prima Pack "]
[Site "Olomouc"]
[Date "2016.08.14"]
[Round "2.5"]
[White "Hoefelsauer, Thomas"]
[Black "Olsarova, Karolina"]
[Result "1/2-1/2"]
[WhiteElo "2342"]
[BlackElo "2258"]
[PlyCount "132"]
[EventDate "2016.08.13"]

1. Nf3 d5 2. g3 Nf6 3. Bg2 c6 4. c4 Bg4 5. Ne5 Be6 6. cxd5 Bxd5 7. Nf3 c5 8.
Nc3 Bc6 9. O-O e6 10. Qc2 Be7 11. Rd1 Nbd7 12. e4 e5 13. a4 O-O 14. d3 Ne8 15.
Nd5 Nc7 16. Nxe7+ Qxe7 17. Bd2 Ne6 18. Qc4 a5 19. Bh3 Rfe8 20. Qb3 Qd6 21. Bc3
b6 22. Bg2 Rab8 23. Qa2 Kh8 24. Bh3 f6 25. b3 Ndf8 26. Qb2 Nd7 27. Nh4 Rbd8 28.
Nf5 Qc7 29. Rf1 Kg8 30. Rad1 Bb7 31. f3 Nb8 32. f4 Nc6 33. fxe5 Nxe5 34. Bxe5
Qxe5 35. Qxe5 fxe5 36. Ne3 Nd4 37. Nc4 Ne2+ 38. Kf2 Nc3 39. Rd2 b5 40. axb5
Nxb5 41. Ke3 Nd4 42. Nxa5 Ba6 43. Rc1 Rf8 44. Bg4 c4 45. bxc4 Bc8 46. Be2 Rf6
47. Rb2 Rdf8 48. Nb3 Nxe2 49. Rxe2 Bg4 50. Rg2 Bh3 51. Re2 Bf1 52. Rxf1 Rxf1
53. Nc5 R8f3+ 54. Kd2 Kf7 55. Na4 Rb1 56. Kc2 Rff1 57. Nc3 Rb8 58. Nb5 Ke6 59.
d4 exd4 60. Nxd4+ Kf7 61. c5 Ra1 62. Rf2+ Ke8 63. Rf5 Ra2+ 64. Kc3 Ra3+ 65. Kc4
Ra4+ 66. Kc3 Ra3+ 1/2-1/2

[Event "Olomouc Chess Summer 2016-B2 Proclient C"]
[Site "Olomouc"]
[Date "2016.08.14"]
[Round "2.1"]
[White "Chkhaidze, Nikoloz"]
[Black "Tymrakiewicz, Rafal"]
[Result "0-1"]
[WhiteElo "2261"]
[BlackElo "2274"]
[PlyCount "96"]
[EventDate "2016.08.13"]

1. e4 Nf6 2. e5 Nd5 3. d4 d6 4. c4 Nb6 5. exd6 cxd6 6. Nc3 g6 7. Be3 Bg7 8. Rc1
O-O 9. b3 Bf5 10. h3 d5 11. c5 Nc8 12. Nf3 Nc6 13. Be2 Be4 14. O-O Bxf3 15.
Bxf3 e6 16. b4 a6 17. Ne2 N8e7 18. Bg5 Qd7 19. Bxe7 Qxe7 20. Qd2 Qh4 21. Rcd1
Rfd8 22. a3 Rd7 23. Kh2 Qf6 24. Qc2 Re8 25. Qb3 h5 26. g3 Qd8 27. Bg2 b5 28. f4
a5 29. bxa5 Qxa5 30. Rd3 b4 31. a4 Ra8 32. Ra1 Qa6 33. Qd1 Rb8 34. Nc1 Na5 35.
Nb3 Nxb3 36. Rxb3 Qc4 37. Rd3 b3 38. a5 Ra7 39. f5 b2 40. Rb1 gxf5 41. Rd2 Qc3
42. Rc2 Qxd4 43. Qxh5 Qd3 44. Rcxb2 Rxb2 45. Rxb2 Bxb2 46. Qg5+ Bg7 47. Qd8+
Kh7 48. Qb6 Be5 0-1

[Event "Olomouc Chess Summer 2016-B2 Proclient C"]
[Site "Olomouc"]
[Date "2016.08.14"]
[Round "2.2"]
[White "Mager, Denis"]
[Black "Lkhamsuren, Uuganbayar"]
[Result "0-1"]
[WhiteElo "2246"]
[BlackElo "2123"]
[PlyCount "69"]
[EventDate "2016.08.13"]

1. c4 e5 2. Nc3 Nf6 3. e3 Bb4 4. Nge2 O-O 5. Qc2 Re8 6. a3 Bf8 7. d4 exd4 8.
Nxd4 c5 9. Nf3 d5 10. cxd5 Nxd5 11. Nxd5 Qxd5 12. Bc4 Qh5 13. Be2 Nc6 14. O-O
Bf5 15. Qd1 Rad8 16. Bd2 Be4 17. Qe1 Rd6 18. Kh1 Rh6 19. h3 Ne5 20. Ng1 Bxg2+
21. Kxg2 Rg6+ 22. Kh1 Qg5 23. Bg4 Nxg4 24. f4 Qd5+ 25. Nf3 Qh5 26. Ng1 Nh6 27.
Rf2 Qd5+ 28. Kh2 Bd6 29. Ne2 Qh5 30. Rg2 Ng4+ 31. Rxg4 Rxg4 32. Ng3 Qh4 33. Nf5
Bxf4+ 34. exf4 Rxe1 35. Bxe1 0-1

[Event "Olomouc Chess Summer 2016-B2 Proclient C"]
[Site "Olomouc"]
[Date "2016.08.14"]
[Round "2.3"]
[White "Havlikova, Kristyna"]
[Black "Nitish, Belurkar"]
[Result "0-1"]
[WhiteElo "2282"]
[BlackElo "2269"]
[PlyCount "38"]
[EventDate "2016.08.13"]

1. e4 e6 2. d4 d5 3. Nc3 Nf6 4. e5 Nfd7 5. f4 c5 6. Nf3 Nc6 7. Be3 Be7 8. Qd2
O-O 9. O-O-O c4 10. f5 b5 11. Nxb5 Rb8 12. Nd6 Bxd6 13. exd6 Nb4 14. Kb1 Nf6
15. c3 Ne4 16. Qc1 Nxa2 17. Kxa2 Qa5+ 18. Kb1 Nxc3+ 19. Kc2 Bd7 0-1

[Event "Olomouc Chess Summer 2016-B2 Proclient C"]
[Site "Olomouc"]
[Date "2016.08.14"]
[Round "2.4"]
[White "Biolek, Richard"]
[Black "Malek, Daniel"]
[Result "1/2-1/2"]
[WhiteElo "2466"]
[BlackElo "2430"]
[PlyCount "102"]
[EventDate "2016.08.13"]

1. e4 e5 2. Nf3 Nf6 3. d3 Nc6 4. Be2 g6 5. c3 Bg7 6. b4 a6 7. Nbd2 d5 8. Bb2
O-O 9. O-O Re8 10. Re1 b6 11. Qc2 Bb7 12. Rad1 Nh5 13. Bf1 Qd7 14. Qb3 Nf6 15.
a3 Rad8 16. g3 dxe4 17. dxe4 h6 18. Nh4 Kh7 19. Ng2 Qe7 20. Ne3 Nb8 21. Bg2 c6
22. Ndc4 Qc7 23. a4 b5 24. Na5 c5 25. Nxb7 c4 26. Qc2 Qxb7 27. Bc1 Nbd7 28. Rd2
Nf8 29. Red1 Rxd2 30. Rxd2 Ne6 31. Rd1 Nc7 32. Rd6 Re6 33. Rxe6 Nxe6 34. Nd5
Nc7 35. axb5 axb5 36. Nxf6+ Bxf6 37. Qd2 Bg5 38. Qd7 Bxc1 39. Qxf7+ Kh8 40.
Qxg6 Qa6 41. Qf7 Qd6 42. Bh3 Bg5 43. Bf5 Qe7 44. Qg6 Qg7 45. Qc6 Qe7 46. Qg6
Qg7 47. Qc6 Bd8 48. Qd6 Qf6 49. Qd7 Qe7 50. Qc6 Qf6 51. Qd7 Qe7 1/2-1/2

[Event "Olomouc Chess Summer 2016-B2 Proclient C"]
[Site "Olomouc"]
[Date "2016.08.14"]
[Round "2.5"]
[White "Klima, Lukas"]
[Black "Pavlov, Sergey"]
[Result "1/2-1/2"]
[WhiteElo "2322"]
[BlackElo "2473"]
[PlyCount "36"]
[EventDate "2016.08.13"]

1. e4 e5 2. Nf3 Nc6 3. Bb5 a6 4. Ba4 Nf6 5. O-O b5 6. Bb3 Bb7 7. d3 Bd6 8. a4
h6 9. axb5 axb5 10. Rxa8 Bxa8 11. Na3 Bxa3 12. bxa3 O-O 13. Bb2 d6 14. Qd2 Nd7
15. d4 Qe7 16. dxe5 Ncxe5 17. Nxe5 dxe5 18. f3 Nc5 1/2-1/2

[Event "Olomouc Chess Summer 2016-Open Olomouc"]
[Site "Olomouc"]
[Date "2016.08.14"]
[Round "2.1"]
[White "Svancara, Petr"]
[Black "Krejci, Jan"]
[Result "1/2-1/2"]
[WhiteElo "2047"]
[BlackElo "2496"]
[PlyCount "40"]
[EventDate "2016.08.13"]

1. e4 c5 2. Nc3 d6 3. f4 Nc6 4. Bb5 Bd7 5. Nf3 g6 6. O-O Bg7 7. d3 e6 8. Qe1
Nge7 9. Kh1 a6 10. Bxc6 Bxc6 11. Qh4 Qc7 12. a4 h6 13. Qg3 O-O-O 14. Be3 f5 15.
Nd2 g5 16. a5 Bxc3 17. bxc3 e5 18. fxe5 f4 19. exd6 Rxd6 20. Rxf4 gxf4 1/2-1/2

[Event "Olomouc Chess Summer 2016-Open Olomouc"]
[Site "Olomouc"]
[Date "2016.08.14"]
[Round "2.2"]
[White "Zdrazil, Tomas"]
[Black "Kvisvik, Brede"]
[Result "1/2-1/2"]
[WhiteElo "2036"]
[BlackElo "2330"]
[PlyCount "99"]
[EventDate "2016.08.13"]

1. e4 c5 2. Nf3 d6 3. d4 cxd4 4. Nxd4 Nf6 5. Nc3 a6 6. Be2 e5 7. Nb3 Be6 8. Be3
Be7 9. O-O Nbd7 10. f4 Rc8 11. Qe1 b5 12. a3 Nb6 13. Rd1 Qc7 14. Qg3 Nc4 15.
Bxc4 bxc4 16. fxe5 dxe5 17. Nd2 O-O 18. Nf3 Ng4 19. Bc1 Bc5+ 20. Kh1 Qa7 21.
Rd2 Rfd8 22. Re2 Bd4 23. h3 Nf6 24. Nh4 Nh5 25. Qf3 g6 26. Bg5 f6 27. Bh6 Nf4
28. Rd2 Qb7 29. Bxf4 exf4 30. Rfd1 Bb6 31. Qxf4 Rf8 32. Nd5 Bd8 33. Qd6 Rc6 34.
Qb4 Qa7 35. Nf3 Rc5 36. Nf4 Ba5 37. Nxe6 Bxb4 38. axb4 Rcc8 39. Rd7 Qe3 40.
Rg7+ Kh8 41. Rdd7 Qh6 42. Nxf8 Rxf8 43. Rge7 Rc8 44. e5 fxe5 45. Nxe5 Qc1+ 46.
Kh2 Qf4+ 47. Kh1 Qf1+ 48. Kh2 Qf4+ 49. Kh1 Qf1+ 50. Kh2 1/2-1/2

[Event "Olomouc Chess Summer 2016-Open Olomouc"]
[Site "Olomouc"]
[Date "2016.08.14"]
[Round "2.3"]
[White "Thakur, Akash"]
[Black "Valenta, Vit"]
[Result "1-0"]
[WhiteElo "2316"]
[BlackElo "2040"]
[PlyCount "112"]
[EventDate "2016.08.13"]

1. d4 Nf6 2. Nf3 g6 3. Bf4 Bg7 4. Nbd2 O-O 5. e4 d6 6. h3 Nbd7 7. e5 dxe5 8.
dxe5 Nd5 9. Bh2 Nc5 10. Be2 c6 11. O-O Bh6 12. Re1 Nf4 13. Bf1 a5 14. Ne4 Nxe4
15. Rxe4 Ne6 16. a4 Qxd1 17. Rxd1 Nc5 18. Rh4 Bg7 19. Rhd4 Bf5 20. Rc4 Nxa4 21.
Rxa4 Bxc2 22. Raa1 Bxd1 23. Rxd1 Rfd8 24. Re1 e6 25. Bf4 a4 26. Rc1 Bf8 27. Be3
a3 28. bxa3 Bxa3 29. Rc2 Rd1 30. g4 Be7 31. Kg2 Rda1 32. Rd2 Rd8 33. Rc2 Rda8
34. Rd2 Rd8 35. Rb2 Rd7 36. Nd2 Ra4 37. Nc4 Bd8 38. Nd6 b5 39. Rc2 Ra6 40. Nxb5
Ra5 41. Rxc6 Kg7 42. Nd6 Be7 43. Ne8+ Kg8 44. Bc5 Ra8 45. Nd6 Bd8 46. Be3 Rc7
47. Rb6 Kf8 48. Rb4 Be7 49. Rb5 Kg7 50. Kg3 h6 51. Bg2 Rf8 52. Ne4 Rfc8 53. h4
Rc4 54. Nd6 Bxd6 55. exd6 Rd8 56. Rb6 Rc3 1-0

[Event "Olomouc Chess Summer 2016-Open Olomouc"]
[Site "Olomouc"]
[Date "2016.08.14"]
[Round "2.4"]
[White "Rudiano, Nicolas"]
[Black "Al Argha, Hisham"]
[Result "1/2-1/2"]
[WhiteElo "2021"]
[BlackElo "2309"]
[PlyCount "50"]
[EventDate "2016.08.13"]

1. e4 c5 2. d4 cxd4 3. Nf3 Nc6 4. Nxd4 e5 5. Nb5 d6 6. N1c3 a6 7. Na3 b5 8. Nd5
Nce7 9. Nxe7 Bxe7 10. Bd3 Bg5 11. O-O Bxc1 12. Qxc1 Be6 13. c3 Nf6 14. Nc2 O-O
15. Ne3 Qc7 16. a4 Qc6 17. axb5 axb5 18. Qc2 g6 19. f3 d5 20. exd5 Nxd5 21.
Nxd5 Bxd5 22. Qe2 Qc5+ 23. Qf2 Qc6 24. Qe2 Qc5+ 25. Qf2 Qc6 1/2-1/2

[Event "Olomouc Chess Summer 2016-Open Olomouc"]
[Site "Olomouc"]
[Date "2016.08.14"]
[Round "2.5"]
[White "Chudinovskikh, Alexander M"]
[Black "Zakoucka, Adela"]
[Result "1-0"]
[WhiteElo "2258"]
[BlackElo "2016"]
[PlyCount "47"]
[EventDate "2016.08.13"]

1. Nf3 d5 2. d4 Nf6 3. c4 c6 4. Nc3 Bg4 5. Ne5 Bf5 6. Qb3 b6 7. cxd5 cxd5 8. e4
Bd7 9. exd5 a6 10. Bf4 Nh5 11. Be3 g6 12. Na4 b5 13. Nc5 Bg7 14. a4 O-O 15.
axb5 a5 16. Be2 Nf6 17. O-O Qb6 18. Rfc1 Bf5 19. Bf3 Ra7 20. Na4 Qd6 21. b6 Rb7
22. Nc4 Qb4 23. Qxb4 axb4 24. Nc5 1-0

[Event "Olomouc Chess Summer 2016-Open Olomouc"]
[Site "Olomouc"]
[Date "2016.08.14"]
[Round "2.6"]
[White "Bombek, Peter"]
[Black "Cardena Contreras, Javier"]
[Result "1-0"]
[WhiteElo "2212"]
[BlackElo "1983"]
[PlyCount "57"]
[EventDate "2016.08.13"]

1. d4 Nf6 2. Nf3 e6 3. e3 c5 4. Bd3 d5 5. c3 Nc6 6. Nbd2 Bd6 7. O-O Qc7 8. dxc5
Bxc5 9. e4 O-O 10. exd5 exd5 11. Nb3 Bd6 12. h3 Re8 13. Be3 Ne4 14. Bc2 Be6 15.
Nbd4 a6 16. Nxe6 Rxe6 17. Qxd5 Rd8 18. Bxe4 Bh2+ 19. Nxh2 Rxd5 20. Bxd5 Re8 21.
Nf3 Ne7 22. Be4 f5 23. Bc2 h6 24. Rfe1 f4 25. Bd4 Rf8 26. Be5 Qc5 27. Rad1 Nc8
28. Rd7 Re8 29. Bb3+ 1-0

[Event "Olomouc Chess Summer 2016-Open Olomouc"]
[Site "Olomouc"]
[Date "2016.08.14"]
[Round "2.7"]
[White "Motzer, Heinrich"]
[Black "Ilandzis, Spyridon"]
[Result "0-1"]
[WhiteElo "2003"]
[BlackElo "2211"]
[PlyCount "78"]
[EventDate "2016.08.13"]

1. d4 Nf6 2. c4 c5 3. d5 e6 4. Nc3 exd5 5. cxd5 d6 6. e4 g6 7. Nf3 Bg7 8. Be2
O-O 9. O-O Re8 10. Nd2 Nbd7 11. f3 Nh5 12. Nc4 Ne5 13. Be3 f5 14. Qc2 f4 15.
Bf2 Qg5 16. Kh1 Ng3+ 17. Bxg3 fxg3 18. hxg3 Nxc4 19. Bxc4 Bd4 20. Rf2 Qxg3 21.
Kg1 a6 22. a4 Re5 23. Kf1 Rh5 24. Ke1 Rh1+ 25. Bf1 Bd7 26. Nd1 b5 27. Ra3 bxa4
28. f4 Qh4 29. g3 Qe7 30. Ne3 Rb8 31. Nc4 Bxf2+ 32. Kxf2 Rh2+ 33. Bg2 Bh3 34.
Ne3 Bxg2 35. Nxg2 Qf6 36. Rc3 Qd4+ 37. Kf3 Qb4 38. e5 dxe5 39. fxe5 Rf8+ 0-1

[Event "Olomouc Chess Summer 2016-Open Olomouc"]
[Site "Olomouc"]
[Date "2016.08.14"]
[Round "2.8"]
[White "Burnett, Andrew"]
[Black "Haugsrud, Hakon"]
[Result "1-0"]
[WhiteElo "2174"]
[BlackElo "1969"]
[PlyCount "57"]
[EventDate "2016.08.13"]

1. Nf3 d5 2. c4 c6 3. d4 Nf6 4. Nc3 dxc4 5. g3 b5 6. Ne5 Bb7 7. Bg2 e6 8. Nxb5
Nd5 9. Nc3 Nb6 10. O-O Be7 11. a4 a5 12. e4 N8d7 13. Nxd7 Qxd7 14. Be3 Qc7 15.
Qg4 Bf6 16. f4 O-O 17. Rad1 Rad8 18. Qe2 Rd7 19. Qf2 Bd8 20. f5 exf5 21. Qxf5
Bc8 22. Qxa5 Qd6 23. Qc5 Qxc5 24. dxc5 Na8 25. e5 Re7 26. Rd6 Bb7 27. e6 fxe6
28. Rxf8+ Kxf8 29. Rxd8+ 1-0

[Event "Olomouc Chess Summer 2016-Open Olomouc"]
[Site "Olomouc"]
[Date "2016.08.14"]
[Round "2.9"]
[White "Ondercin, Martin"]
[Black "Kulkarni, Vinayak"]
[Result "0-1"]
[WhiteElo "1974"]
[BlackElo "2168"]
[PlyCount "69"]
[EventDate "2016.08.13"]

1. e4 c5 2. Nc3 Nc6 3. g3 g6 4. Bg2 Bg7 5. d3 d6 6. Nge2 e6 7. O-O Nge7 8. Be3
O-O 9. f4 b6 10. Qd2 d5 11. exd5 exd5 12. d4 Ba6 13. Rfe1 Nf5 14. Nxd5 Bc4 15.
dxc5 Bxd5 16. Qxd5 Nxe3 17. Qxc6 Rc8 18. Qa4 Bxb2 19. Rab1 Nxg2 20. Kxg2 Qd5+
21. Kg1 Qxc5+ 22. Kf1 Qxc2 23. Qxa7 Rfe8 24. Qa6 Rcd8 25. Qb5 Bf6 26. Rbc1 Qxa2
27. Qxb6 Rd2 28. Qb5 Qa8 29. Qc6 Qd8 30. Qf3 Rd3 31. Qg2 Rd2 32. Qf3 Rd3 33.
Qg2 Rde3 34. Rcd1 Qb6 35. Rb1 0-1

[Event "Olomouc Chess Summer 2016-Open Olomouc"]
[Site "Olomouc"]
[Date "2016.08.14"]
[Round "2.10"]
[White "Gantsooj, Ganzorig"]
[Black "Duda, Lucas"]
[Result "1-0"]
[WhiteElo "2164"]
[BlackElo "1941"]
[PlyCount "116"]
[EventDate "2016.08.13"]

1. e4 e5 2. Nf3 Nc6 3. Bb5 a6 4. Ba4 Nf6 5. O-O Be7 6. Re1 b5 7. Bb3 O-O 8. h3
d6 9. c3 Na5 10. Bc2 c5 11. d4 Nd7 12. Nbd2 exd4 13. cxd4 Nc6 14. Nf1 Qb6 15.
Ne3 Nxd4 16. Nxd4 cxd4 17. Nd5 Qd8 18. Bf4 Ne5 19. Qxd4 Bf6 20. Nxf6+ Qxf6 21.
Be3 Bxh3 22. Kf1 Be6 23. f4 Rac8 24. Bb3 Bxb3 25. axb3 Rc2 26. Re2 Rfc8 27.
Rxc2 Rxc2 28. Qd1 Rc8 29. Rxa6 Ng6 30. Kg1 Qxb2 31. Rxd6 h6 32. f5 Nh4 33. Rd2
Rc1 34. Rxb2 Rxd1+ 35. Kf2 Rd3 36. Re2 Rxb3 37. g3 Nxf5 38. exf5 Rd3 39. Rd2
Rc3 40. Rb2 Rc6 41. Rxb5 Rf6 42. g4 Rd6 43. Rb6 Rd8 44. Kf3 Rd7 45. Bf4 Kh7 46.
Be5 Ra7 47. Rb4 Re7 48. Kf4 Re8 49. Rb7 Kg8 50. Rb8 Rxb8 51. Bxb8 f6 52. Ke4
Kf7 53. Bf4 g5 54. Be3 Kg7 55. Kd5 Kf8 56. Ke6 Kg7 57. Bd4 h5 58. gxh5 g4 1-0

[Event "Olomouc Chess Summer 2016-Open seniorù"]
[Site "Olomouc"]
[Date "2016.08.14"]
[Round "2.1"]
[White "Vorobyov, Yrij"]
[Black "Pokora, Lubomir"]
[Result "1/2-1/2"]
[WhiteElo "2160"]
[BlackElo "1873"]
[PlyCount "60"]
[EventDate "2016.08.13"]

1. Nf3 d5 2. g3 Bf5 3. Bg2 e6 4. O-O Nf6 5. d3 h6 6. Nbd2 Be7 7. Qe1 O-O 8. e4
Bh7 9. Ne5 c6 10. Kh1 Nbd7 11. f4 dxe4 12. Nxd7 Nxd7 13. dxe4 Qc7 14. Qe2 Rad8
15. a4 a5 16. Nc4 Bc5 17. Bd2 Bb4 18. Be3 Bc5 19. h3 Kh8 20. Rfd1 Bxe3 21. Qxe3
e5 22. f5 f6 23. Qc3 b6 24. b4 axb4 25. Qxb4 Bg8 26. Ne3 Nb8 27. a5 bxa5 28.
Qxa5 Qxa5 29. Rxa5 Rxd1+ 30. Nxd1 Rd8 1/2-1/2

[Event "Olomouc Chess Summer 2016-Open seniorù"]
[Site "Olomouc"]
[Date "2016.08.14"]
[Round "2.2"]
[White "Waisberg, Arnold"]
[Black "Heppell, Ian N"]
[Result "0-1"]
[WhiteElo "1879"]
[BlackElo "2066"]
[PlyCount "64"]
[EventDate "2016.08.13"]

1. e4 e5 2. Bc4 Nf6 3. d3 c6 4. Nf3 d5 5. exd5 cxd5 6. Bb3 Nc6 7. O-O Be7 8.
Re1 Qd6 9. Nc3 O-O 10. Bg5 d4 11. Bxf6 Bxf6 12. Ne4 Qe7 13. Nxf6+ Qxf6 14. Qd2
Re8 15. Qg5 Be6 16. Qxf6 gxf6 17. Bxe6 fxe6 18. Re2 Rac8 19. a3 Ne7 20. g3 Rc6
21. Rd1 Rec8 22. Rdd2 Nd5 23. Ne1 Rb6 24. f4 exf4 25. gxf4 Nxf4 26. Re4 e5 27.
Nf3 Rxb2 28. Nxd4 Kf7 29. Nf3 Rcxc2 30. Rxc2 Rxc2 31. Ra4 a6 32. Rb4 Rc1+ 0-1

[Event "Olomouc Chess Summer 2016-Open seniorù"]
[Site "Olomouc"]
[Date "2016.08.14"]
[Round "2.3"]
[White "Oral, Josef"]
[Black "Castellano, Alfonso"]
[Result "0-1"]
[WhiteElo "1850"]
[BlackElo "1949"]
[PlyCount "59"]
[EventDate "2016.08.13"]

1. e4 c5 2. Nf3 d6 3. d4 cxd4 4. Nxd4 Nf6 5. Bd3 e5 6. Ne2 h6 7. O-O Nc6 8. c3
Be7 9. f4 Qb6+ 10. Kh1 Ng4 11. Qe1 Ne3 12. Rf3 Ng4 13. h3 Nf6 14. Nd2 exf4 15.
Nc4 Qc5 16. Nxf4 Ne5 17. Nxe5 dxe5 18. Be3 Qc6 19. Qe2 O-O 20. Nd5 Nxd5 21.
exd5 Qxd5 22. Rd1 e4 23. Rxf7 Qxf7 24. Bxe4 Be6 25. b3 Bf6 26. Qc2 Be5 27. Bh7+
Kh8 28. Bg6 Qf6 29. Bd3 Bxc3 30. Rc1 0-1